Porovnanie exekučnej efektívnosti referenčného a presúvacieho usporiadavania štruktúrovaných dát v metódach C# aplikácie

Každá metóda s implementovaným ľubovoľným usporiadavacím algoritmom počas realizácie usporiadavania dát uložených napr. v 2-rozmernom neusporiadanom poli musí manipulovať s týmito neusporiadanými dátami. Metóda môže počas usporiadavania presúvať riadky takéhoto poľa, čím realizuje presúvacie usporia...

Ausführliche Beschreibung

Gespeichert in:
Bibliographische Detailangaben
1. Verfasser: Košťál, Igor, 1962-
Format: Buchkapitel
Sprache:Slowakisch
Schlagworte:
Tags: Tag hinzufügen
Keine Tags, Fügen Sie das erste Tag hinzu!

MARC

LEADER 00000naa a2200000 4500
001 0289436
005 20240502074433.3
041 0 |a slo 
044 |a SK 
245 1 0 |a Porovnanie exekučnej efektívnosti referenčného a presúvacieho usporiadavania štruktúrovaných dát v metódach C# aplikácie  |c Igor Košťál 
520 |a Každá metóda s implementovaným ľubovoľným usporiadavacím algoritmom počas realizácie usporiadavania dát uložených napr. v 2-rozmernom neusporiadanom poli musí manipulovať s týmito neusporiadanými dátami. Metóda môže počas usporiadavania presúvať riadky takéhoto poľa, čím realizuje presúvacie usporiadavanie, alebo môže presúvať len referencie na tieto usporiadavané riadky, čím realizuje referenčné usporiadavanie, kedy metóda nepresúva riadky poľa, vôbec nimi nemanipuluje. Spôsob narábania s usporiadavanými dátami môže podstatne ovplyvniť exekučnú a pamäťovú efektívnosť usporiadavacej metódy. Pomocou metód nami vytvorenej C# aplikácie sme skúmali, ktorý z uvedených spôsobov narábania s uporiadavanými dátami je exekučne efektívnejší. Článok obsahuje porovnania exekučnej efektívnosti metód našej C# aplikácie s implementovaným presúvacím a referenčným usporiadavaním, vyhodnotenie výsledkov týchto porovnaní a tiež krátky opis dôležitých usporiadavacích metód tejto C# aplikácie. 
610 2 0 |a algoritmy 
610 2 0 |a dáta 
100 1 |a Košťál, Igor, 1962-